000 004870000a22001810004500
003 LK-CoMWRAF
005 20240908004359.0
008 230817t ||||| |||| 00| 0 eng d
040 _aLK-CoMWRAF
_dLK-CoMWRAF
_eLK-CoMWRAF
041 _aeng
082 _a346.5016
_bZAR
100 _aZarook, A. R. M.
245 _aPublished articles on Muslim marriage and divorce
260 _aColombo :
_bIslamic publication society
_c1997
300 _a58 p.
650 _aMUSLIM LAW
942 _cBK
999 _c2359
_d2359